01180 2200361 4500001002100000005001500021035002000036007000300056008004100059020004100100020003100141082001500172084001700187100002900204245013400233250004100367300004600408650001300454650002100467700003000488700003300518504002900551264003000580336002100610337003000631338002300661040002200684090002200706850001200728490003400740999002200774990002200796INLIS00000000087762420230330075417 a0010-0323000891ta230329b2022 xx a g ind d a978-623-01-2851-6 (no. jil. lengkap) a978-623-01-2852-3 (jil. 1)04223a372.86 a372.86 ARI p0 aArif WidiantoePengarang10aPendidikan jasmani, olahraga, dan kesehatan untuk SMP/MTs kelas VII /cArif Widianto, Zaenuri Siroj; penyunting, Wiwin Tety Utami aEdisi pertama, Cetakan pertama, 2022 aiv, 152 halaman :bgambar, tabel ;c30 cm04aOlahraga04aPendidikan dasar0 aZaenuri Siroj;ePengarang0 aWiwin Tety UtamiePenyunting aBibliografi: halaman 14931aYogyakarta :bAndi,c2022 2rdacontentateks 2rdamediaatanpa perantara 2rdacarrieravolume aYOPDYOGbinderda aCB-D.11 2022-2902 aYOPDYOG aTitanium buku teks pendamping aCB-D.11/2022-2902 aCB-D.11/2022-2902